Sermo Lupi ad Anglos / (Record no. 20669)
[ view plain ]
| 000 -LEADER | |
|---|---|
| fixed length control field | 00926cam a22002891 4500 |
| 001 - CONTROL NUMBER | |
| control field | 20669 |
| 003 - CONTROL NUMBER IDENTIFIER | |
| rucl marc code | BD-RjUL |
| 005 - DATE AND TIME OF LATEST TRANSACTION | |
| control field | 20211209000608.0 |
| 008 - FIXED-LENGTH DATA ELEMENTS--GENERAL INFORMATION | |
| fixed length control field | 140302r19521939enk b 001 0 eng |
| 035 ## - SYSTEM CONTROL NUMBER | |
| System control number | (BD-RjUL)20731 |
| System control number | (OCoLC)3098431 |
| 040 ## - CATALOGING SOURCE | |
| Original cataloging agency | DLC |
| Transcribing agency | TxWB |
| Modifying agency | OCoLC |
| -- | DLC |
| -- | BD-RjUL |
| Language of cataloging | eng |
| 041 0# - LANGUAGE CODE | |
| Language code of text/sound track or separate title | engang |
| 082 ## - DEWEY DECIMAL CLASSIFICATION NUMBER | |
| Classification number | 829.5 |
| Author mark and year | SER |
| 100 0# - MAIN ENTRY--PERSONAL NAME | |
| Personal name | Wulfstan, |
| Dates associated with a name | -1023. |
| 9 (RLIN) | 63779 |
| 245 10 - TITLE STATEMENT | |
| Title | Sermo Lupi ad Anglos / |
| Statement of responsibility, etc. | edited by Dorothy Whitelock. |
| 260 ## - PUBLICATION, DISTRIBUTION, ETC. (IMPRINT) | |
| Place of publication, distribution, etc. | London : |
| Name of publisher, distributor, etc. | Methuen & co., ltd., |
| Date of publication, distribution, etc. | 1939 [reprinted 1952] |
| 300 ## - PHYSICAL DESCRIPTION | |
| Pagination | viii, 75 p. ; |
| Size | 19 cm. |
| 490 0# - SERIES STATEMENT | |
| Series statement | Methuen's Old English library. [B. Prose selections. 3] |
| 500 ## - GENERAL NOTE | |
| General note | "First published in 1939." |
| 504 ## - BIBLIOGRAPHY, ETC. NOTE | |
| Bibliography, etc | Includes Bibliography: p. 43-46 and index. |
| 650 ## - SUBJECT ADDED ENTRY--TOPICAL TERM | |
| Topical term or geographic name as entry element | Analogs |
| 9 (RLIN) | 63780 |
| 700 1# - ADDED ENTRY--PERSONAL NAME | |
| Personal name | Whitelock, Dorothy, |
| Relator term | ed. |
| 942 ## - ADDED ENTRY ELEMENTS (KOHA) | |
| Source of classification or shelving scheme | Dewey Decimal Classification |
| Koha item type | Books |
| Lost status | Source of classification or shelving scheme | Damaged status | Not for loan | Collection code | Permanent Location | Current Location | Shelving location | Date acquired | Source of acquisition | Cost, normal purchase price | Total Checkouts | Full call number | Date last seen | Copy number | Koha item type |
|---|---|---|---|---|---|---|---|---|---|---|---|---|---|---|---|
| Dewey Decimal Classification | Added to bundle | Fiction | Central Library, University of Rajshahi | Central Library, University of Rajshahi | Reading Room | 27/01/1955 | B.D Rajshahi | 2.14 | 829.5 SER 1952 | 02/03/2014 | C-1 | Books |